Bài giảng môn vệ sinh học đường

Nội dung tài liệu trình bày đại cương vệ sinh học thể dục thể thao, vệ sinh cá nhân, dinh dưỡng...

Đã lưu trong:
Sonraí Bibleagrafaíochta
Príomhúdar: Đoàn, Thu Ánh Điểm
Formáid: Leabhar
Teanga:Undetermined
Foilsithe: Cần Thơ Trường Đại học Cần Thơ 2010
Ábhair:
Clibeanna: Cuir Clib Leis
Gan Chlibeanna, Bí ar an gcéad duine leis an taifead seo a chlibeáil!
Thư viện lưu trữ: Trung tâm Học liệu Trường Đại học Cần Thơ
LEADER 00755nam a2200181Ia 4500
001 CTU_236188
008 210402s9999 xx 000 0 und d
082 |a 614.4 
082 |b Đ304 
100 |a Đoàn, Thu Ánh Điểm 
245 0 |a Bài giảng môn vệ sinh học đường 
245 0 |c Đoàn Thu Ánh Điểm, Nguyễn Lê Trường Sơn 
260 |a Cần Thơ 
260 |b Trường Đại học Cần Thơ 
260 |c 2010 
520 |a Nội dung tài liệu trình bày đại cương vệ sinh học thể dục thể thao, vệ sinh cá nhân, dinh dưỡng... 
650 |a Medicine, preventive,Y tế dự phòng 
980 |a Trung tâm Học liệu Trường Đại học Cần Thơ